Island wife: living on the edge of the wild (Record no. 64142)

MARC details
000 -LEADER
fixed length control field 00726nam a2200169 a 4500
008 - FIXED-LENGTH DATA ELEMENTS--GENERAL INFORMATION
fixed length control field 150617s2013 ||||||||||||||||| || u
020 ## - INTERNATIONAL STANDARD BOOK NUMBER
International Standard Book Number 9781444759587
050 ## - LIBRARY OF CONGRESS CALL NUMBER
Classification number PR 6056.A52I86
100 ## - MAIN ENTRY--PERSONAL NAME
Personal name Fairbairns, Judy
245 10 - TITLE STATEMENT
Title Island wife: living on the edge of the wild
Statement of responsibility, etc. by Judy Fairbairns
260 ## - PUBLICATION, DISTRIBUTION, ETC.
Place of publication, distribution, etc. London:
Name of publisher, distributor, etc. Hodder and Stoughton
Date of publication, distribution, etc. 2013
300 ## - PHYSICAL DESCRIPTION
Extent xii, 352p.
350 ## -
-- 77.73
650 ## - SUBJECT ADDED ENTRY--TOPICAL TERM
Topical term or geographic name entry element ENGLISH LANGUAGE
995 ## -
-- FICTION Collection
-- 903138
-- CBU-SCHOOL OF MEDICINE LIBRARY (Ndola)
-- 77.73
-- PR 6056.A52I86
-- 2
-- AVAILABLE
-- Oct 12, 2015
-- 903138
-- Fiction Collection
995 ## -
-- FICTION Collection
-- 745603
-- CBU-MAIN LIBRARY (Kitwe)
-- 77.73
-- PR 6056.A52I86
-- 1
-- AVAILABLE
-- Oct 12, 2015
-- 745603
-- Fiction Collection
999 ## -
-- 64142
-- 64142
Holdings
Withdrawn status Lost status Source of classification or shelving scheme Damaged status Not for loan Permanent Location Current Location Shelving location Date acquired Total Checkouts Full call number Barcode Date last seen Price effective from Koha item type
          CBU-SCHOOL OF MEDICINE LIBRARY, NDOLA. CBU-SCHOOL OF MEDICINE LIBRARY, NDOLA.   02/09/2023   PR 6056.A52I86 903138 02/09/2023 02/09/2023 MONOGRAPH
          CBU-SCHOOL OF MEDICINE LIBRARY, NDOLA. CBU-SCHOOL OF MEDICINE LIBRARY, NDOLA.   02/09/2023   PR 6056.A52I86 745603 02/09/2023 02/09/2023 MONOGRAPH